[Event "Bregenz Bodensee Seniors op"]
[Site "Bregenz"]
[Date "2024.05.08"]
[Round "4"]
[White "Hilbig, Olaf"]
[Black "Kainz, Josef"]
[Result "1-0"]
[WhiteElo "2035"]
[BlackElo "1933"]
[PlyCount "93"]
[EventDate "2024.05.05"]
[EventType "swiss"]
[EventRounds "7"]
[EventCountry "AUT"]
[SourceTitle "CBM 220 Extra"]
[Source "ChessBase"]
[SourceDate "2024.07.31"]
[SourceVersion "1"]
[SourceVersionDate "2024.07.31"]
[SourceQuality "1"]

1. d4 Nf6 2. Nc3 d5 3. Bg5 Bf5 4. e3 Nbd7 5. Bd3 Bxd3 6. Qxd3 e6 7. e4 dxe4 8. Nxe4 Be7 9. Bxf6 Nxf6 10. Nf3 Qd5 11. Nxf6+ gxf6 12. 0-0 0-0-0 13. c4 Qh5 14. Qe3 Rhg8 15. g3 Kb8 16. Kg2 c5 17. d5 e5 18. Rfe1 Bd6 19. Qe2 Rde8 20. Nd2 Qg6 21. Ne4 f5 22. Nxd6 Qxd6 23. Qh5 Qf6 24. Rad1 f4 25. d6 Rg5 26. d7 Rd8 27. Qxh7 fxg3 28. fxg3 Qc6+ 29. Qe4 Kc7 30. h4 Rg4 31. Qxc6+ Kxc6 32. Rxe5 Rxc4 33. h5 Rg4 34. Rf5 Rg7 35. Kf3 b6 36. h6 Rh7 37. Rf6+ Kc7 38. Rfd6 f6 39. Rxf6 Rdxd7 40. Rxd7+ Kxd7 41. g4 Ke7 42. Rc6 Rf7+ 43. Kg3 Kd7 44. Rg6 Ke7 45. g5 Kf8 46. Rc6 Kg8 47. g6 1-0

[Event "Arco op 45th"]
[Site "Arco"]
[Date "2023.10.14"]
[Round "8"]
[White "Kainz, Josef"]
[Black "Hopfgartner, Heinz Roland"]
[Result "0-1"]
[WhiteElo "1894"]
[BlackElo "2010"]
[PlyCount "118"]
[EventDate "2023.10.07"]
[EventType "swiss"]
[EventRounds "9"]
[EventCountry "ITA"]
[SourceTitle "CBM 216 Extra"]
[Source "ChessBase"]
[SourceDate "2023.11.30"]
[SourceVersion "1"]
[SourceVersionDate "2023.11.30"]
[SourceQuality "1"]

1. d4 e6 2. c4 Nf6 3. Nf3 d5 4. Nc3 Bb4 5. e3 0-0 6. Qb3 c5 7. a3 Bxc3+ 8. bxc3 Nc6 9. cxd5 exd5 10. Be2 c4 11. Qb2 Re8 12. 0-0 b6 13. Rd1 Bf5 14. Ne5 Na5 15. f3 Qc7 16. Rf1 Re7 17. e4 dxe4 18. Bg5 e3 19. g4 Bg6 20. f4 Be4 21. f5 Ree8 22. Bxe3 Nd5 23. Bc1 f6 24. Nf3 Nf4 25. Bxf4 Qxf4 26. Nh4 Qe3+ 27. Rf2 Bd3 28. Ng2 Qh6 29. Rd1 Bxe2 30. Rxe2 Qh3 31. Rde1 Rf8 32. Re3 Qxg4 33. Qb5 h6 34. Qd5+ Kh7 35. Rg3 Qh5 36. Re7 Rg8 37. Nf4 Qd1+ 38. Kg2 Rae8 39. Qe6 Rxe7 40. Qxe7 Qd2+ 41. Ne2 Nb3 42. Qe3 Qc2 43. Rf3 Nd2 44. Rf4 b5 45. Kh3 g5 46. fxg6+ Qxg6 47. Ng3 Qd3 48. Qe7+ Rg7 49. Qxf6 Qg6 50. Qe5 Qd3 51. Qxb5 Nb1 52. a4 Nxc3 53. Qe5 Nxa4 54. d5 Nb6 55. Rd4 Qg6 56. d6 c3 57. Qc5 c2 58. d7 Nxd7 59. Rc4 Nxc5 0-1

[Event "Arco op 45th"]
[Site "Arco"]
[Date "2023.10.10"]
[Round "4"]
[White "Kainz, Josef"]
[Black "Birkenmaier, Rainer"]
[Result "0-1"]
[WhiteElo "1894"]
[BlackElo "2107"]
[PlyCount "108"]
[EventDate "2023.10.07"]
[EventType "swiss"]
[EventRounds "9"]
[EventCountry "ITA"]
[SourceTitle "CBM 216 Extra"]
[Source "ChessBase"]
[SourceDate "2023.11.30"]
[SourceVersion "1"]
[SourceVersionDate "2023.11.30"]
[SourceQuality "1"]

1. d4 Nf6 2. Nf3 d5 3. g3 c6 4. Bg2 Bf5 5. 0-0 Nbd7 6. b3 e6 7. c4 Bd6 8. Bb2 0-0 9. Nc3 h6 10. Ne1 Qe7 11. Nd3 Rfd8 12. e3 Ba3 13. Bxa3 Qxa3 14. cxd5 exd5 15. Re1 a5 16. h3 Qd6 17. a3 Ne4 18. Nxe4 Bxe4 19. a4 Bxd3 20. Qxd3 Nf6 21. Ra2 Qb4 22. Rc1 g6 23. Rc5 Kg7 24. Qc3 Qxc3 25. Rxc3 Ne8 26. h4 Nd6 27. Bf3 f5 28. Rc1 g5 29. Kh2 Kf6 30. Rg1 Rg8 31. Raa1 Rg7 32. hxg5+ hxg5 33. Kg2 Rh7 34. Rh1 Rah8 35. Rxh7 Rxh7 36. Rh1 Rxh1 37. Kxh1 g4 38. Bd1 Ne4 39. Kg2 Nd2 40. Bc2 b6 41. Kg1 c5 42. dxc5 bxc5 43. Kg2 Ke6 44. Bd1 Ke5 45. Bc2 c4 46. bxc4 dxc4 47. Kg1 c3 48. Kg2 Nc4 49. f4+ gxf3+ 50. Kxf3 Na3 51. Bxf5 Kxf5 52. Ke2 Ke4 53. g4 Nc4 54. g5 c2 0-1

[Event "Feffernitz op 32nd"]
[Site "Feffernitz"]
[Date "2023.08.08"]
[Round "5"]
[White "Mandekic, Ivan"]
[Black "Kainz, Josef"]
[Result "1-0"]
[WhiteElo "2151"]
[BlackElo "1877"]
[PlyCount "71"]
[EventDate "2023.08.05"]
[EventType "swiss"]
[EventRounds "9"]
[EventCountry "AUT"]
[SourceTitle "CBM 215 Extra"]
[Source "ChessBase"]
[SourceDate "2023.09.30"]
[SourceVersion "1"]
[SourceVersionDate "2023.09.30"]
[SourceQuality "1"]

1. Nf3 Nf6 2. c4 c5 3. g3 b6 4. Bg2 Bb7 5. 0-0 g6 6. Nc3 Bg7 7. d4 cxd4 8. Qxd4 0-0 9. Qh4 h5 10. Bg5 d6 11. Rac1 Nbd7 12. Rfd1 Re8 13. h3 a5 14. b3 Rb8 15. Qf4 Nc5 16. Bh6 Ne6 17. Qd2 Kh7 18. Bxg7 Kxg7 19. Nd5 Ne4 20. Qb2+ f6 21. Nh4 N6c5 22. Rd4 Bxd5 23. cxd5 Ng5 24. f4 e5 25. dxe6 Ngxe6 26. Rd5 Kh6 27. Rcd1 Nb7 28. e4 f5 29. Nxg6 Nc7 30. Nh4 Rg8 31. Nxf5+ Kh7 32. R5d3 Ne8 33. Qe2 Nf6 34. e5 Qe8 35. Nxd6 Nxd6 36. Rxd6 1-0

[Event "Bodensee Seniors op 7th"]
[Site "Bregenz"]
[Date "2023.05.19"]
[Round "7"]
[White "Lapp, Karl Iversen"]
[Black "Kainz, Josef"]
[Result "1-0"]
[WhiteElo "2064"]
[BlackElo "1905"]
[PlyCount "107"]
[EventDate "2023.05.13"]
[EventType "swiss"]
[EventRounds "7"]
[EventCountry "AUT"]
[SourceTitle "CBM 214 Extra"]
[Source "ChessBase"]
[SourceDate "2023.07.31"]
[SourceVersion "1"]
[SourceVersionDate "2023.07.31"]
[SourceQuality "1"]

1. e4 c5 2. Nc3 Nc6 3. g3 g6 4. Bg2 Bg7 5. d3 d6 6. Be3 Qb6 7. Qc1 Nf6 8. Nge2 h5 9. h3 Bd7 10. Rb1 a6 11. b4 Qa7 12. bxc5 dxc5 13. e5 Nh7 14. Nd5 Bxe5 15. Nb6 Rd8 16. Bxc5 Bd6 17. Be3 Qb8 18. Nxd7 Kxd7 19. Rb6 Rc8 20. Qb2 Qa8 21. Rxb7+ Rc7 22. Rb6 e5 23. 0-0 Rb8 24. Rxb8 Qxb8 25. Bxc6+ Rxc6 26. Qxb8 Bxb8 27. c4 Nf8 28. Rb1 Bc7 29. Nc3 e4 30. dxe4 Rxc4 31. Nd5 Ne6 32. Rd1 Ke8 33. Nxc7+ Nxc7 34. f3 Nb5 35. Bg5 Nd4 36. Bf6 Nc6 37. Rd6 a5 38. Kf2 a4 39. Ke3 Rc1 40. Kf4 Rc5 41. g4 hxg4 42. fxg4 Rc4 43. h4 Ne7 44. h5 gxh5 45. gxh5 Rc5 46. Ra6 Nc8 47. h6 Rh5 48. Bg5 Kd7 49. Kg4 Rh1 50. e5 Rg1+ 51. Kh5 Rh1+ 52. Bh4 Ne7 53. Ra7+ Kd8 54. Rxe7 1-0

[Event "Bodensee Seniors op 7th"]
[Site "Bregenz"]
[Date "2023.05.16"]
[Round "4"]
[White "Pruesse, Horst"]
[Black "Kainz, Josef"]
[Result "1-0"]
[WhiteElo "2077"]
[BlackElo "1905"]
[PlyCount "89"]
[EventDate "2023.05.13"]
[EventType "swiss"]
[EventRounds "7"]
[EventCountry "AUT"]
[SourceTitle "CBM 214 Extra"]
[Source "ChessBase"]
[SourceDate "2023.07.31"]
[SourceVersion "1"]
[SourceVersionDate "2023.07.31"]
[SourceQuality "1"]

1. d4 Nf6 2. Nc3 d5 3. Bg5 Nbd7 4. Nf3 b6 5. e3 Bb7 6. a3 g6 7. Bb5 c6 8. Bd3 Bg7 9. h4 c5 10. Ne5 Nxe5 11. dxe5 Ne4 12. Bb5+ Kf8 13. Nxe4 dxe4 14. Bf4 a6 15. Be2 h5 16. c3 Qxd1+ 17. Rxd1 Ke8 18. Bc4 Bh6 19. 0-0 Bxf4 20. exf4 f5 21. exf6 b5 22. Bd5 Bxd5 23. Rxd5 exf6 24. Rfd1 Rh7 25. Rxc5 Rd7 26. Rcd5 Rxd5 27. Rxd5 Ke7 28. Kf1 Ke6 29. Rd4 f5 30. Ke2 Rb8 31. Kd2 Rb6 32. Kc2 Kf6 33. a4 Re6 34. Kb3 e3 35. fxe3 Rxe3 36. Rd6+ Kf7 37. Rxa6 bxa4+ 38. Rxa4 Rg3 39. Rd4 Rxg2 40. c4 Rg4 41. c5 Rxh4 42. c6 Rh3+ 43. Ka4 Rh1 44. Kb5 Ra1 45. c7 1-0

[Event "EU-chT Seniors 50"]
[Site "Dresden"]
[Date "2022.11.04"]
[Round "9.4"]
[White "Kainz, Josef"]
[Black "Gebigke, Martin"]
[Result "0-1"]
[WhiteElo "1930"]
[BlackElo "2015"]
[PlyCount "110"]
[EventDate "2022.10.27"]
[EventType "team-swiss"]
[EventRounds "9"]
[EventCountry "GER"]
[SourceTitle "EXT 2024"]
[Source "ChessBase"]
[SourceDate "2023.10.10"]
[SourceVersion "1"]
[SourceVersionDate "2023.10.10"]
[SourceQuality "1"]
[WhiteTeam "Graz 50"]
[BlackTeam "Berlin 50 II"]
[WhiteTeamCountry "AUT"]
[BlackTeamCountry "GER"]

1. d4 Nf6 2. c4 e6 3. g3 d5 4. Bg2 dxc4 5. Nf3 Nc6 6. Qa4 Bb4+ 7. Bd2 Nd5 8. a3 Nb6 9. Qc2 Be7 10. e3 0-0 11. 0-0 Bf6 12. Nc3 e5 13. dxe5 Nxe5 14. Nxe5 Bxe5 15. Rad1 c6 16. f4 Bc7 17. Bc1 Qe7 18. e4 Bg4 19. Bf3 Bxf3 20. Rxf3 Nd7 21. Be3 b5 22. e5 f6 23. Qf5 Rfd8 24. exf6 Nxf6 25. Rxd8+ Bxd8 26. Bc5 Qxc5+ 27. Qxc5 Bb6 28. Qxb6 axb6 29. Kf1 Re8 30. h3 Kf7 31. g4 Nd7 32. Nd1 Nc5 33. Nf2 Nb3 34. Rg3 Nd2+ 35. Kg1 Re1+ 36. Kg2 Rb1 37. b3 Rxb3 38. Nd1 c5 39. g5 Nb1 40. Ne3 Nxa3 41. f5 c3 42. g6+ hxg6 43. fxg6+ Ke6 44. Ng4 c2 45. Rxb3 c1Q 46. Re3+ Kf5 47. Re5+ Kf4 48. Re7 Nc4 49. Nf2 Ne3+ 50. Kh2 Kf3 51. Rf7+ Ke2 52. Ne4 Qa1 53. Ng3+ Ke1 54. Ne4 Qe5+ 55. Ng3 Qd5 0-1

[Event "EU-chT Seniors 50"]
[Site "Dresden"]
[Date "2022.10.29"]
[Round "3.4"]
[White "Kainz, Josef"]
[Black "Haentsch, Ralf"]
[Result "0-1"]
[WhiteElo "1930"]
[BlackElo "2063"]
[PlyCount "77"]
[EventDate "2022.10.27"]
[EventType "team-swiss"]
[EventRounds "9"]
[EventCountry "GER"]
[SourceTitle "EXT 2024"]
[Source "ChessBase"]
[SourceDate "2023.10.10"]
[SourceVersion "1"]
[SourceVersionDate "2023.10.10"]
[SourceQuality "1"]
[WhiteTeam "Graz 50"]
[BlackTeam "Magdeburg TU 50"]
[WhiteTeamCountry "AUT"]
[BlackTeamCountry "GER"]

1. d4 Nf6 2. c4 e6 3. g3 Bb4+ 4. Bd2 Bxd2+ 5. Qxd2 d5 6. Bg2 c6 7. Nc3 dxc4 8. Nf3 b5 9. Ne5 Qb6 10. a4 Bb7 11. a5 Qa6 12. 0-0 Nbd7 13. Qg5 0-0 14. h4 h6 15. Qf4 Rfd8 16. Ne4 c5 17. Nxf7 Bxe4 18. Bxe4 Kxf7 19. Bxa8 Rxa8 20. dxc5 Nxc5 21. Qc7+ Ncd7 22. Rfd1 Ke7 23. e4 e5 24. f4 Rc8 25. Rd6 Qxd6 26. Qxc8 Qd4+ 27. Kh1 Qxe4+ 28. Kg1 Qe3+ 29. Kg2 Ne4 30. Rf1 Qxg3+ 31. Kh1 Qxh4+ 32. Kg1 Qg3+ 33. Kh1 Nf2+ 34. Rxf2 Qxf2 35. fxe5 Qe1+ 36. Kg2 Qxe5 37. Qb7 Qxb2+ 38. Kf1 Qf6+ 39. Kg1 0-1

[Event "Steyr Landesliga 2122"]
[Site "Austria"]
[Date "2022.01.15"]
[Round "3.5"]
[White "Kainz, Josef"]
[Black "Taucher, Daniel"]
[Result "1/2-1/2"]
[WhiteElo "1992"]
[BlackElo "1852"]
[PlyCount "129"]
[EventDate "2021.10.16"]
[EventType "team-tourn"]
[EventRounds "11"]
[EventCountry "AUT"]
[SourceTitle "EXT 2023"]
[Source "ChessBase"]
[SourceDate "2022.10.05"]
[SourceVersion "1"]
[SourceVersionDate "2022.10.05"]
[SourceQuality "1"]
[WhiteTeam "Gratwein Strassengel"]
[BlackTeam "Baernbach"]
[WhiteTeamCountry "AUT"]
[BlackTeamCountry "AUT"]

1. d4 Nf6 2. c4 d6 3. Nf3 c6 4. Nc3 Nbd7 5. g3 g6 6. Bg2 Bg7 7. 0-0 0-0 8. e4 e5 9. h3 Re8 10. Be3 h6 11. Qd2 Kh7 12. a4 b6 13. Rfd1 Qe7 14. d5 c5 15. Nh2 Nf8 16. a5 Bd7 17. Ra3 Qd8 18. Rda1 Qc7 19. axb6 Qxb6 20. Ra6 Qc7 21. f4 Nh5 22. g4 Nxf4 23. Bxf4 exf4 24. Qxf4 Bc8 25. Nb5 Qd8 26. Rxa7 Rxa7 27. Rxa7 Re7 28. Rxe7 Qxe7 29. Qxd6 Qh4 30. Nf3 Qf6 31. Qxf6 Bxf6 32. e5 Be7 33. Nc3 f5 34. gxf5 gxf5 35. Kf2 Ng6 36. d6 Bd8 37. Nd5 Kg7 38. b4 cxb4 39. Nxb4 Bb6+ 40. Ke1 Ba5 41. Kd1 Bxb4 42. Kc2 Nf4 43. Bf1 Bc5 44. Kb3 Bd7 45. Kc3 Kf7 46. Nd4 Bxd4+ 47. Kxd4 Ke6 48. c5 Kf7 49. h4 Ne6+ 50. Kc4 Nd8 51. Kd4 Ne6+ 52. Kd5 Nf4+ 53. Kd4 Ke8 54. Bc4 Ne6+ 55. Bxe6 Bxe6 56. c6 Kd8 57. Kc5 Kc8 58. Kd4 h5 59. Ke3 Bd5 60. Kf4 Bxc6 61. Kxf5 Kd7 62. Kf6 Bd5 63. Kg5 Bf3 64. Kf6 Bg4 65. Kf7 1/2-1/2

[Event "AUT-ch Vor3 Internet"]
[Site "Playchess.com INT"]
[Date "2020.04.17"]
[Round "6"]
[White "Mayrhuber, Nikola"]
[Black "Kainz, Josef"]
[Result "0-1"]
[WhiteElo "2025"]
[BlackElo "2005"]
[PlyCount "72"]
[EventDate "2020.04.17"]
[EventType "swiss (blitz)"]
[EventRounds "9"]
[EventCountry "AUT"]
[SourceTitle "CBM 195 Extra"]
[Source "ChessBase"]
[SourceDate "2020.05.31"]
[SourceVersion "1"]
[SourceVersionDate "2020.05.31"]
[SourceQuality "1"]

1. d4 Nf6 2. c4 g6 3. Nf3 Bg7 4. Nc3 d5 5. cxd5 Nxd5 6. e4 Nxc3 7. bxc3 c5 8. Be3 0-0 9. Be2 Nc6 10. 0-0 Qa5 11. Qc2 cxd4 12. cxd4 Bg4 13. Rfd1 Rac8 14. Qd2 Rfd8 15. Qxa5 Nxa5 16. h3 Bxf3 17. Bxf3 Nc4 18. Rab1 Nxe3 19. fxe3 b6 20. Rdc1 h5 21. e5 e6 22. Kf2 Bf8 23. Ke2 Ba3 24. Rxc8 Rxc8 25. Kd3 Kf8 26. Rb3 Be7 27. a4 Rc1 28. a5 bxa5 29. Rb8+ Kg7 30. Rb7 Bb4 31. Rxa7 Rc3+ 32. Ke4 Ra3 33. Kf4 Bd2 34. d5 Bxe3+ 35. Kg3 Bxa7 36. dxe6 fxe6 0-1

[Event "AUT-ch Vor1 Internet"]
[Site "Playchess.com INT"]
[Date "2020.04.11"]
[Round "2"]
[White "Kainz, Josef"]
[Black "Schroettner, Tobias Julian"]
[Result "1-0"]
[WhiteElo "2005"]
[BlackElo "1503"]
[PlyCount "83"]
[EventDate "2020.04.11"]
[EventType "swiss (blitz)"]
[EventRounds "9"]
[EventCountry "AUT"]
[SourceTitle "CBM 195 Extra"]
[Source "ChessBase"]
[SourceDate "2020.05.31"]
[SourceVersion "1"]
[SourceVersionDate "2020.05.31"]
[SourceQuality "1"]

1. d4 Nf6 2. c4 g6 3. g3 Bg7 4. Bg2 d6 5. Nf3 0-0 6. 0-0 Nc6 7. d5 Nb8 8. Nc3 e5 9. e4 b6 10. a4 Nbd7 11. a5 Ba6 12. b3 Nc5 13. Re1 Nfxe4 14. Nxe4 Nxe4 15. Rxe4 f5 16. Re1 e4 17. Nd4 Bb7 18. a6 Bc8 19. Ra2 Bd7 20. f3 Qf6 21. Ne6 Bxe6 22. dxe6 exf3 23. Bxf3 Rae8 24. Bb2 Qe7 25. Bc6 Rd8 26. Bxg7 Kxg7 27. Qd4+ Kg8 28. b4 Rf6 29. Rae2 g5 30. Kg2 f4 31. Rf2 Rdf8 32. Ref1 h6 33. Bd5 h5 34. gxf4 gxf4 35. Rxf4 Qg7+ 36. Kh1 Rxf4 37. Rxf4 Rxf4 38. Qxf4 Qa1+ 39. Kg2 Qb2+ 40. Kh3 Qc3+ 41. Qg3+ Qxg3+ 42. Kxg3 1-0

[Event "Steyr Landesliga 1920"]
[Site "Austria"]
[Date "2020.03.07"]
[Round "9.5"]
[White "Preck, Helmut"]
[Black "Kainz, Josef"]
[Result "0-1"]
[WhiteElo "1969"]
[BlackElo "1922"]
[PlyCount "54"]
[EventDate "2019.09.28"]
[EventType "team-tourn"]
[EventRounds "11"]
[EventCountry "AUT"]
[SourceTitle "CBM 195 Extra"]
[Source "ChessBase"]
[SourceDate "2020.05.31"]
[SourceVersion "1"]
[SourceVersionDate "2020.05.31"]
[SourceQuality "1"]
[WhiteTeam "Graz Austria"]
[BlackTeam "Gratwein Strassengel"]
[WhiteTeamCountry "AUT"]
[BlackTeamCountry "AUT"]

1. d4 Nf6 2. Nf3 g6 3. Nbd2 d5 4. e3 Bg7 5. Bd3 c5 6. c3 0-0 7. 0-0 b6 8. dxc5 bxc5 9. e4 dxe4 10. Nxe4 Nbd7 11. Nxf6+ Nxf6 12. Ne5 Bb7 13. Re1 Qc7 14. Qc2 Nd5 15. Nc4 e5 16. Bd2 f5 17. f3 Rae8 18. Rad1 Nf6 19. Bc1 e4 20. fxe4 Nxe4 21. Rf1 Re6 22. Bf4 Qe7 23. Na5 Bd5 24. Bb5 Rb6 25. Rxd5 Rxb5 26. Nb3 Qb7 27. Qd3 c4 0-1

[Event "Steyr Landesliga 1920"]
[Site "Austria"]
[Date "2019.12.07"]
[Round "6.6"]
[White "Peinhopf, Max"]
[Black "Kainz, Josef"]
[Result "0-1"]
[WhiteElo "2017"]
[BlackElo "1922"]
[PlyCount "74"]
[EventDate "2019.09.28"]
[EventType "team-tourn"]
[EventRounds "11"]
[EventCountry "AUT"]
[SourceTitle "CBM 194 Extra"]
[Source "ChessBase"]
[SourceDate "2020.03.31"]
[SourceVersion "1"]
[SourceVersionDate "2020.03.31"]
[SourceQuality "1"]
[WhiteTeam "Krieglach Windheimat"]
[BlackTeam "Gratwein Strassengel"]
[WhiteTeamCountry "AUT"]
[BlackTeamCountry "AUT"]

1. c4 g6 2. Nc3 c5 3. Nf3 Bg7 4. g3 b6 5. Bg2 Bb7 6. 0-0 e6 7. d4 cxd4 8. Nxd4 Bxg2 9. Kxg2 a6 10. b3 Nc6 11. e3 Nge7 12. Bb2 0-0 13. Qd2 Qc7 14. Rac1 Rfd8 15. Rfd1 Qb7 16. f3 Nxd4 17. exd4 Nf5 18. d5 b5 19. g4 b4 20. gxf5 bxc3 21. Bxc3 Bxc3 22. Rxc3 exf5 23. c5 Qb5 24. Rc4 h5 25. Qc2 Rac8 26. a4 Qb8 27. b4 Re8 28. Qb2 Re3 29. b5 Rce8 30. Rd2 axb5 31. axb5 Qd8 32. h4 Qe7 33. b6 f4 34. Rxf4 Qxc5 35. b7 Re1 36. Rfd4 Qd6 37. Rc4 Rg1+ 0-1

[Event "Wch Seniors 50 29th"]
[Site "Bucharest"]
[Date "2019.11.16"]
[Round "5"]
[White "Kainz, Josef"]
[Black "Kolesar, Milan"]
[Result "0-1"]
[WhiteElo "1937"]
[BlackElo "2177"]
[PlyCount "70"]
[EventDate "2019.11.12"]
[EventType "swiss"]
[EventRounds "11"]
[EventCountry "ROU"]
[SourceTitle "CBM 193 Extra"]
[Source "ChessBase"]
[SourceDate "2020.01.31"]
[SourceVersion "1"]
[SourceVersionDate "2020.01.31"]
[SourceQuality "1"]

1. d4 d5 2. c4 c6 3. Nf3 Nf6 4. Nc3 dxc4 5. a4 Bf5 6. Ne5 Nbd7 7. Nxc4 e6 8. g3 Nb6 9. Ne5 a5 10. Bg2 h6 11. 0-0 Bb4 12. e4 Bh7 13. Re1 0-0 14. Bf4 Re8 15. h4 Rc8 16. g4 Nfd7 17. Nf3 c5 18. h5 Nc4 19. Qc1 cxd4 20. Bxh6 gxh6 21. e5 dxc3 22. Qxh6 Bf8 23. Qf4 Bg7 24. Ng5 Ncxe5 25. Rad1 Qf6 26. Qe3 Nxg4 27. Nxh7 Nxe3 28. Nxf6+ Nxf6 29. fxe3 cxb2 30. Bf3 Red8 31. Rb1 Rd2 32. e4 Nd7 33. e5 Nxe5 34. Be4 Ng4 35. Bxb7 Bd4+ 0-1